| 000 | 00893nam a2200253 a 4500 | ||
|---|---|---|---|
| 003 | DO-SdBNP | ||
| 005 | 20220610095124.0 | ||
| 007 | ta | ||
| 008 | 220607e2020 dr aoh|gr|||| 001 0dspa d | ||
| 020 | _a9789945806915 | ||
| 040 |
_aDO-SdBNP _bspa _cBNPHU |
||
| 082 | 4 |
_222 _bB639a |
|
| 100 | 1 |
_943061 _aBlanchard, Juan Lulio |
|
| 245 | 1 | 0 |
_aApuntes para la historia de la física en Santo Domingo. / _cJuan Lulio Blanchard |
| 260 |
_aSanto Domingo : _bUniversitaria UASD, _c2020 |
||
| 300 |
_a274 p. : _bil., fotogr., facsímil ; _c23 cm. |
||
| 500 | _aIncluye datos biográficos del autor en la contracubierta. | ||
| 500 | _aIncluye bibliografía y notas al pié de páginas. | ||
| 504 | _aReferencias bibliográficas: p. 273- 274 | ||
| 590 | _aInventariado 2022 / MF | ||
| 650 | 4 |
_972117 _aFísica _xHistoria _zSanto Domingo, República Dominicana |
|
| 910 | _aMFeliz | ||
| 942 |
_2ddc _cLBS1 |
||
| 999 |
_c51952 _d51952 |
||